MDQL
is popping MORE tags! Check the
thread
!
Quizzes
Events
Quiz Creation
Community
Videos
Private Events
Remove Ads
Sign In
Join for FREE
Feedback
Dark Mode
Quiz Categories
Sports
Geography
Music
Movies
Television
Just For Fun
Miscellaneous
History
Literature
Language
Science
Gaming
Entertainment
Religion
Holiday
For Kids
Quiz Lab
Recent
Popular Today
Quiz Kudos Today
Editor Picks
Curator Picks
Quizzes by...
Day
Popularity
Type
Ratings
Length
Year
Community
Subscriptions
Recent Discussions
Orange Saloon
Badges
Playlists
Quests
Create
Leaderboards
Showdown
Live 5
Trivia Bingo
Activity
Puzzle Library
Sporcle Events
Private Events
Virtual Trivia
Globe League
Become a Host
Pub Owners
SporcleCon
Opinionation
Our Games
Videos
Blog
Mobile Apps
Partnerships
Remove Ads and Go Orange
Feedback
Movies
Disney
Marvel Cinematic Universe
Movie Resume
Movie Titles
Oscar
Actor
Actress
Director
Pixar
Role
Movie Quotes
Movie Characters
Box Office
Nominee
Best Picture
Star Wars
James Bond
Horror Movies
Movies
Disney
Marvel Cinematic Universe
Movie Resume
Movie Titles
Oscar
Actor
Actress
Director
Pixar
Role
Movie Quotes
Movie Characters
Box Office
Nominee
Best Picture
Star Wars
James Bond
Horror Movies
Random Quiz
Search Sporcle
×
Curator Pick
Curator Pick
Movies
Oscar
Type in answers that appear in a list
Type in answers that appear in a list
Classic
Best Score? Go Orange.
1990's Best Picture (nominations) Bonanza! Stats
Can you name the Oscar, BAFTA & Golden Globe Best Picture nominees of the 1990's?
By
jda28
10m
193 Questions
1,423 Plays
1,423 Plays
1,423 Plays
Comments
Comments
Give Quiz Kudos
Give Quiz Kudos
-
- Ratings
hide this ad
Replay
Link that replays current quiz
Next Quiz
Link to next quiz in quiz playlist
You Got
0%
They Got
Avg Score
49%
Avg Friend Score
Upgrade to see
Score Distribution
Jump to the score distribution portion of the page
Score
0/193
Timer
10:00
0
Plays Today
% Correct
Forrest Gump*
91.3%
Forrest Gump
90.7%
Forrest Gump*
90.7%
Titanic*
90.3%
Titanic
90.3%
Titanic*
90.3%
Dances with Wolves*
89.4%
Dances with Wolves*
89.4%
Dances with Wolves
89.4%
Schindler's List*
88.1%
Schindler's List*
88.1%
Schindler's List*
88.1%
The Silence of the Lambs*
87.2%
The Silence of the Lambs
87.2%
The Silence of the Lambs
87.2%
Braveheart*
84%
Braveheart
84%
Unforgiven*
83.5%
Unforgiven
83.5%
Unforgiven
83.5%
American Beauty*
83.1%
American Beauty*
83.1%
American Beauty*
83.1%
Shakespeare in Love*
83%
Shakespeare in Love*
83%
Shakespeare in Love*
83%
Goodfellas
82.1%
Goodfellas*
82.1%
Goodfellas
82.1%
Saving Private Ryan
82.1%
Saving Private Ryan
82.1%
Saving Private Ryan*
82.1%
Pulp Fiction
81.6%
Pulp Fiction
81.6%
Pulp Fiction
81.6%
The English Patient*
81.4%
The English Patient*
81.4%
The English Patient*
81.4%
The Shawshank Redemption
74.4%
Beauty and the Beast
72.2%
Beauty and the Beast*
72.2%
As Good as it Gets
67.4%
As Good as it Gets*
67.4%
Fargo
65.6%
Fargo
65.6%
Fargo
65.6%
Good Will Hunting
65.5%
Good Will Hunting
65.5%
Howards End
64.8%
Howards End*
64.8%
Howards End
64.8%
L.A. Confidential
64.5%
L.A. Confidential
64.5%
L.A. Confidential
64.5%
Sense and Sensibility
63.3%
Sense and Sensibility*
63.3%
Sense and Sensibility*
63.3%
JFK
63%
JFK
63%
The Godfather part III
61.5%
The Godfather part III
61.5%
Four Weddings and a Funeral
61.4%
Four Weddings and a Funeral*
61.4%
Four Weddings and a Funeral
61.4%
Scent of a Woman
61.2%
% Correct
Scent of a Woman*
61.2%
The Piano
60.7%
The Piano
60.7%
The Piano
60.7%
Ghost
60.6%
Ghost
60.6%
The Remains of the Day
60.4%
The Remains of the Day
60.4%
The Remains of the Day
60.4%
The Lion King*
60.4%
Apollo 13
60%
Apollo 13
60%
The Sixth Sense
59.1%
The Sixth Sense
59.1%
Toy Story
58.4%
Babe
57.4%
Babe
57.4%
Babe*
57.4%
Aladdin
57.3%
Life is Beautiful
56.7%
Jerry Maguire
56.4%
Jerry Maguire
56.4%
Bugsy
56.2%
Bugsy*
56.2%
Shine
54.7%
Shine
54.7%
Shine
54.7%
The Full Monty
54.7%
The Full Monty*
54.7%
The Full Monty
54.7%
The Fugitive
54.5%
The Green Mile
54.5%
Awakenings
54.2%
Quiz Show
54.2%
Quiz Show
54.2%
Quiz Show
54.2%
In the Name of the Father
52.9%
In the Name of the Father
52.9%
The Cider House Rules
52.5%
The Insider
51.5%
The Insider
51.5%
The Thin Red Line
51.1%
A Few Good Men
51%
A Few Good Men
51%
Elizabeth
50.4%
Elizabeth
50.4%
Elizabeth
50.4%
Secrets & Lies
48.9%
Secrets & Lies
48.9%
Secrets & Lies*
48.9%
The Crying Game
48.5%
The Crying Game
48.5%
The Crying Game
48.5%
Pretty Woman
45%
Pretty Woman
45%
Il Postino
44.8%
The Prince of Tides
44.7%
The Prince of Tides
44.7%
The Usual Suspects
44.1%
Toy Story 2*
41.7%
Leaving Las Vegas
41.2%
Mrs. Doubtfire*
40.7%
Thelma & Louise
39.5%
Thelma & Louise
39.5%
The Truman Show
34.3%
% Correct
The Truman Show
34.3%
Reversal of Fortune
32.6%
Driving Miss Daisy
32.2%
Evita*
32.1%
The Age of Innocence
30.7%
The Fisher King
30.3%
Ed Wood
29.3%
The Player
29.1%
The Player*
29.1%
Sleepless in Seattle
27.5%
Home Alone
27.4%
Green Card*
26.9%
Dick Tracy
26.6%
City Slickers
25.6%
Amistad
25.6%
The Talented Mr. Ripley
23.9%
The Talented Mr. Ripley
23.9%
The Madness of King George
23%
The Bridges of Madison County
22.3%
Being John Malkovich
21.7%
There's Something About Mary
21.6%
Nell
20.6%
The People vs. Larry Flynt
20.5%
Mrs. Brown
19.6%
The Birdcage
19.2%
Shadowlands
18.8%
Wag the Dog
18.5%
Gods and Monsters
18.4%
Fried Green Tomatoes
18.1%
The Hurricane
17.9%
Man on the Moon
17.4%
My Best Friend's Wedding
17.1%
The End of the Affair
17.1%
The End of the Affair
17.1%
Dave
17%
Legends of the Fall
17%
Notting Hill
16.9%
Breaking the Waves
16.7%
Enchanted April
14.2%
Men in Black
14.1%
The American President
14%
Avalon
13.6%
The Commitments*
13.2%
The Commitments
13.2%
Get Shorty
12.7%
Sister Act
12.4%
Bulworth
11.5%
The Boxer
11.2%
Everyone Says I Love You
11.1%
Patch Adams
10.9%
Crimes and Misdemeanors
10.5%
Analyze This
9.5%
The Horse Whisperer
8.4%
Much Ado About Nothing
7.8%
The Adventures of Priscilla, Queen of the Desert
7.8%
Sabrina
7.8%
Strictly Ballroom
7.7%
Strictly Ballroom
7.7%
Pret-a-Porter
6.9%
Honeymoon in Vegas
6.5%
East is East
6%
The Mask of Zorro
5.7%
Still Crazy
5.2%
Quiz Playlist
Details
Report
Send in Message
Add To Playlist
Classic:
Type in answers that appear in a list
Last Updated: Feb 16, 2017
Curator Pick in
Nominee
Quiz Scoreboard
CHALLENGE
Sign Up to Join the Scoreboard
Show All
Scores
Hide
Comments
May contain spoilers
Recently Published
Find the 'City' Movie
by crazypaving
Movies
60s
5x2 Blitz: Bands
by SL_Kpop136
Music
30s
Colored Red Africa Blitz
by spor1
Geography
30s
More to Explore
Quiz From the Vault
Featured Blog Post
14 Easter Pick-up Lines to Find Eggs With
hide this ad
You Might Also Like...
Tags
Best Picture Quiz
Nominee Quiz
Oscar Quiz
1990
bafta
Bonanza
globe
Image Quiz
nomination
Today's Top Quizzes in Movies
Browse Movies
hide this ad
Today's Top Quizzes in Oscar
Browse Oscar
Top Contributed Quizzes in Movies
1
Find The 'Big' Movie
2
Find The 'Wild' Movie
3
Find The 'Blue' Movie
4
Movies By Plot
5
Pick 5 Posters: Directed by Spielberg
6
Hidden Star Wars Character II
7
Hidden Star Wars Character III
8
Hidden Star Wars Character IV
9
Alfred Hitchcock Movies by Plot
10
Hidden Star Wars Character V
Explore More
Trending Topics
Crossword
Kpop
Harry Potter
Anime
NBA
Marvel
Disney
Country
Pokémon
NFL
The Office
Soccer
WWE
Puzzle
Song
hide this ad
More By:
jda28
Quiz
Plays
Rating
Category
Featured
Created
The Great Oscar Quiz of the 90's!
1,927
4.25
Movies
May 2, 2010
The Great Oscar Quiz of the 80's!
1,530
2.00
Movies
Aug 14, 2010
Golden Globe Best Picture Nominees 2000's
1,440
4.63
Movies
Dec 24, 2009
1990's Best Picture (nominations) Bonanza!
1,423
4.50
Movies
Oct 30, 2012
Oscar Acting Snubs of the 2000's
1,047
3.83
Movies
Mar 28, 2011
Go to Creator's Profile
Score Distribution
Quiz Creator Spotlight
jda28
Follow
Send a Message
Quizzes Created
-
Created Quiz Play Count
-
More By This Creator
Popular Quizzes Today
1
Colored Red Africa Blitz
2
Find the 'City' Movie
3
5x2 Blitz: Bands
4
Find the US States - No Outlines Minefield
5
The Countries of the World
6
Find the US States
7
US States
8
9x9 Crossword: Cartoon Network
More Movies Quizzes
German-American Actors II
Quiz Lab
Trending Quizzes
Colored Red Europe Blitz I
Colored Red Africa Blitz II
Colored Red Europe Blitz II
Colored Red Europe Blitz III
Colored Red Africa Blitz III
Recently Updated
Famous TV Couples
Peacemaker
Champions League XIs: Real Madrid
pecheneg
Largest US Cities 1790-2010
pecheneg
Rides in Walt Disney World
pecheneg
Most Oscar Losses (Acting)
pecheneg
Beyoncé Albums
pecheneg
Leaping Animals
pecheneg
Reality TV Shows (A-Z)
bhenderson79
Rickey Henderson's Hall of Fame Teammates
pecheneg
Champions League XIs: Arsenal
pecheneg
Trending Topics
Anime
Kpop
Crossword
NBA
Harry Potter
Disney
Marvel
Soccer
NFL
Pokémon
WWE
Country
The Office
Song
Puzzle
Your Account Isn't Verified!
In order to create a playlist on Sporcle, you need to verify the email address you used during registration. Go to your
Sporcle Settings
to finish the process.
Report this User
Report this user for behavior that violates our
Community Guidelines
.
Details:
Send Report
Go to the Sporcle.com Mobile Site →
Comments